[Event "25.Schlosspark-Open"]
[Site "Wiesbaden-Biebrich"]
[Date "2013.08.23"]
[Round "2.79"]
[White "Körbel, Ekkehard"]
[Black "Schellen, Sven"]
[Result "0-1"]
[WhiteElo "1387"]
[BlackElo "1805"]
[PlyCount "76"]
[EventDate "2013.??.??"]
[WhiteTeam "SK 1950 Geisenheim"]
[BlackTeam "Sfr. Frankfurt 1921"]

1. e4 Nf6 2. e5 Nd5 3. d4 d6 4. Nf3 g6 5. Be2 Bg7 6. O-O O-O 7. c4 Nb6 8. Nc3
Nc6 9. Bf4 Bg4 10. exd6 cxd6 11. c5 dxc5 12. dxc5 Nd7 13. Qc1 Nxc5 14. Rd1 Qe8
15. h3 Bxf3 16. Bxf3 Nd4 17. Bd5 Na4 18. Bc4 Rc8 19. Bf1 Nxc3 20. bxc3 Rxc3 21.
Qd2 Rxh3 22. Rab1 Qc8 23. Qb4 Nc6 24. Qe4 Ra3 25. Bc4 Ra5 26. Rb3 Qf5 27. Qe3
Qh5 28. Be2 Qc5 29. Qh3 Nd4 30. Re3 Rxa2 31. Bf1 Qc2 32. Qg4 Qxf2+ 33. Kh1 e5
34. Bg5 h6 35. Rh3 Ne2 36. Bxe2 Qxe2 37. Qh4 Qxd1+ 38. Kh2 h5 0-1

[Event "25.Schlosspark-Open"]
[Site "Wiesbaden-Biebrich"]
[Date "2013.08.23"]
[Round "2.80"]
[White "Happel, Jonas"]
[Black "Gerlach, Manuel"]
[Result "1-0"]
[WhiteElo "1780"]
[BlackElo "1260"]
[PlyCount "95"]
[EventDate "2013.??.??"]
[WhiteTeam "SV 1920 Hofheim"]
[BlackTeam "SV Oberursel"]

1. d4 d5 2. Nf3 Nf6 3. c4 e6 4. Nc3 c6 5. e3 Be7 6. Bd3 O-O 7. O-O Re8 8. a3 a5
9. Bd2 Nbd7 10. c5 b6 11. b4 Qc7 12. Qc2 Ba6 13. Bxa6 Rxa6 14. b5 cxb5 15. Nxb5
Qc6 16. a4 bxc5 17. dxc5 Bxc5 18. Rfc1 Rc8 19. Qd3 e5 20. Nfd4 Qb7 21. Nb3 e4
22. Qc2 Qc6 23. Nxa5 Qb6 24. Rab1 Rxa5 25. Bxa5 Qxa5 26. Nd6 Rc6 27. Rb5 Qc7
28. Nb7 Ng4 29. g3 Nxe3 30. Qd2 Nc4 31. Qxd5 Ncb6 32. Qxe4 Qxb7 33. Rcxc5 Rc7
34. Qxb7 Rxb7 35. Rc8+ Nxc8 36. Rxb7 Nf8 37. a5 Nd6 38. Rb6 Nf5 39. a6 Nd4 40.
Rb8 Nc6 41. Rc8 Na7 42. Rb8 g6 43. Rb7 Nc6 44. Rc7 Na5 45. a7 Ne6 46. a8=Q+ Kg7
47. Qxa5 Nxc7 48. Qxc7 1-0

[Event "25.Schlosspark-Open"]
[Site "Wiesbaden-Biebrich"]
[Date "2013.08.23"]
[Round "2.81"]
[White "Triantafillidis, Simeon"]
[Black "Krischak, Werner"]
[Result "0-1"]
[WhiteElo "1371"]
[BlackElo "1776"]
[PlyCount "60"]
[EventDate "2013.??.??"]
[WhiteTeam "SF HN-Biberach 1978 e.V."]
[BlackTeam "SK Marburg 1931/72"]

1. e4 c6 2. d4 d5 3. exd5 cxd5 4. Bd3 Nf6 5. c3 Nc6 6. Bf4 e6 7. Nf3 Be7 8.
Nbd2 Nh5 9. Be3 Qc7 10. O-O O-O 11. Qc2 f5 12. b3 f4 13. Bxh7+ Kh8 14. Qg6 Nf6
15. Ng5 Bd6 16. Ndf3 fxe3 17. Nh4 Bxh2+ 18. Kh1 Bf4 19. Qe8 Bxg5 20. Qxf8+ Kxh7
21. Nf3 Bh6 22. fxe3 Qe7 23. Qxe7 Nxe7 24. Kh2 Nc6 25. Rh1 Bd7 26. Kg1 Kg8 27.
Kf2 Ne4+ 28. Ke1 Bxe3 29. Ke2 Bh6 30. Kd3 Nf2+ 0-1

[Event "25.Schlosspark-Open"]
[Site "Wiesbaden-Biebrich"]
[Date "2013.08.23"]
[Round "2.82"]
[White "Anhalt, Albert"]
[Black "Michel, Carsten"]
[Result "1-0"]
[WhiteElo "1776"]
[BlackElo "1147"]
[PlyCount "31"]
[EventDate "2013.??.??"]
[WhiteTeam "SG Turm Idstein"]
[BlackTeam "SC Flörsheim 1921"]

1. e4 c5 2. Nc3 d6 3. Bc4 Nf6 4. d3 g6 5. Nf3 Bg7 6. O-O O-O 7. Re1 Nc6 8. h3
Na5 9. Bb3 Nxb3 10. axb3 a6 11. Bg5 e6 12. e5 dxe5 13. Nxe5 Qc7 14. Bf4 Nd7 15.
Nxg6 Qc6 16. Ne7+ 1-0

[Event "25.Schlosspark-Open"]
[Site "Wiesbaden-Biebrich"]
[Date "2013.08.23"]
[Round "2.83"]
[White "Viol, Julius"]
[Black "Traut, Stefan"]
[Result "0-1"]
[WhiteElo "1201"]
[BlackElo "1775"]
[PlyCount "114"]
[EventDate "2013.??.??"]
[WhiteTeam "FC 1934 Wiesbaden-Bierstadt"]
[BlackTeam "Sfr. Heusenstamm"]

1. d4 Nf6 2. c4 c5 3. d5 e6 4. dxe6 fxe6 5. Nc3 d5 6. e3 g6 7. Nf3 Bg7 8. Be2
O-O 9. O-O Nc6 10. cxd5 exd5 11. Bb5 Bf5 12. Bxc6 bxc6 13. Ne5 Qc7 14. f4 Rad8
15. Qb3 Nd7 16. Nxd7 Rxd7 17. Qa3 c4 18. Rb1 Bxc3 19. Ra1 Bg7 20. Rd1 Re8 21.
Kf2 Bf8 22. Qc3 Qd8 23. g3 Bg7 24. Qb4 Qe7 25. Qxe7 Rdxe7 26. Kf3 h5 27. Kf2
Re4 28. a3 Bf8 29. Rd4 Bc5 30. Rxe4 Bxe4 31. Bd2 Bd3 32. Kf3 Kf7 33. Re1 Re4
34. Bb4 Bb6 35. Bd2 d4 36. exd4 Rxe1 37. Bxe1 Bxd4 38. Bc3 c5 39. h3 Ke6 40.
Bxd4 cxd4 41. Kf2 Kd5 42. Ke1 Ke4 43. Kf2 c3 44. bxc3 dxc3 45. Ke1 Kf3 46. g4
hxg4 47. hxg4 Kxg4 48. f5 Kxf5 49. a4 g5 50. a5 g4 51. Kf2 c2 52. Kg3 c1=Q 53.
a6 Qf4+ 54. Kg2 Ke4 55. Kh1 Kf3 56. Kg1 Qg3+ 57. Kh1 Qg2# 0-1

[Event "25.Schlosspark-Open"]
[Site "Wiesbaden-Biebrich"]
[Date "2013.08.23"]
[Round "2.84"]
[White "Schneider, Lutz"]
[Black "Jakesevic, Ivan"]
[Result "1-0"]
[WhiteElo "1772"]
[BlackElo "1007"]
[PlyCount "28"]
[EventDate "2013.??.??"]
[WhiteTeam "Vorw.Orient Mainz"]
[BlackTeam "FC 1934 Wiesbaden-Bierstadt"]

1. e4 e6 2. d4 d6 3. Nc3 a6 4. f4 g6 5. Nf3 Bg7 6. Be3 b6 7. Bd3 Bb7 8. O-O Ne7
9. Qe1 O-O 10. Qh4 Nec6 11. Qh3 Nd7 12. f5 Qe7 13. Ng5 h6 14. fxg6 hxg5 1-0

[Event "25.Schlosspark-Open"]
[Site "Wiesbaden-Biebrich"]
[Date "2013.08.23"]
[Round "2.85"]
[White "Gießelbach, Christian"]
[Black "Maleski, Heinz"]
[Result "0-1"]
[WhiteElo "1061"]
[BlackElo "1771"]
[PlyCount "78"]
[EventDate "2013.??.??"]
[WhiteTeam "SAbt TuS Dotzheim"]
[BlackTeam "SC Budenheim"]

1. d4 d5 2. c4 e6 3. Nf3 Nf6 4. g3 Be7 5. Bg2 dxc4 6. Nbd2 O-O 7. Nxc4 c6 8.
O-O Nbd7 9. Qc2 h6 10. e4 Nb6 11. Nxb6 Qxb6 12. Be3 Qa5 13. a3 Bd7 14. Ne5 Rfd8
15. Rfd1 Rac8 16. h3 Be8 17. Nc4 Qc7 18. Bf4 Bd6 19. e5 Nd5 20. exd6 Qd7 21.
Ne5 Qxd6 22. Nxf7 Qe7 23. Nxd8 Nxf4 24. Nxc6 Bxc6 25. Bxc6 Rxc6 26. Qe4 Nxh3+
27. Kg2 Ng5 28. Qf4 Rc2 29. b4 Qd7 30. Rac1 Qd5+ 31. Kh2 Nf3+ 32. Kh3 Rxf2 33.
g4 Ng5+ 34. Kh4 Rxf4 35. Kh5 Qe4 36. Rg1 Kh7 37. Rc7 Qg6+ 38. Kh4 Nf3+ 39. Kg3
Rxg4+ 0-1

[Event "25.Schlosspark-Open"]
[Site "Wiesbaden-Biebrich"]
[Date "2013.08.23"]
[Round "2.86"]
[White "Goebel, Knut"]
[Black "Knödler, Marcel"]
[Result "1-0"]
[WhiteElo "1766"]
[BlackElo "929"]
[PlyCount "71"]
[EventDate "2013.??.??"]
[WhiteTeam "SC Ober-Ramstadt"]
[BlackTeam "FC 1934 Wiesbaden-Bierstadt"]

1. d4 Nf6 2. Bg5 d5 3. e3 a6 4. c4 c6 5. Nc3 h6 6. Bh4 e6 7. Nf3 Bd6 8. c5 Bc7
9. Bd3 Nbd7 10. O-O g5 11. Bg3 Bxg3 12. fxg3 Qc7 13. b4 e5 14. Nxe5 Nxe5 15.
Rxf6 Ng4 16. Rf3 f5 17. Bxf5 Bxf5 18. Rxf5 Nxe3 19. Re5+ Qxe5 20. Qh5+ Kd7 21.
dxe5 Rh7 22. Qg6 Re7 23. Qd6+ Ke8 24. Qxh6 Kd7 25. Qxg5 Nc4 26. Qf5+ Kc7 27.
Re1 Rae8 28. e6 d4 29. Qf4+ Kc8 30. Qxd4 Rxe6 31. Rxe6 Rxe6 32. Qxc4 Re1+ 33.
Kf2 Re7 34. Na4 Kb8 35. Nb6 Rc7 36. Qg8+ 1-0

[Event "25.Schlosspark-Open"]
[Site "Wiesbaden-Biebrich"]
[Date "2013.08.23"]
[Round "2.87"]
[White "Kokhnover, Ilia"]
[Black "Jahraus, Marlis"]
[Result "1-0"]
[WhiteElo "1757"]
[BlackElo "799"]
[PlyCount "51"]
[EventDate "2013.??.??"]
[WhiteTeam "vereinslos"]
[BlackTeam "SC Untergrombach 46"]

1. e4 e5 2. Nf3 Nc6 3. Bb5 a6 4. Ba4 Nf6 5. O-O Be7 6. Re1 O-O 7. h3 b5 8. Bb3
Bb7 9. d3 d5 10. exd5 Nxd5 11. Nxe5 Nxe5 12. Rxe5 f6 13. Re1 a5 14. Nc3 c6 15.
Nxd5 cxd5 16. a3 Kh8 17. d4 Re8 18. c3 b4 19. axb4 axb4 20. Rxa8 Qxa8 21. Bc2
bxc3 22. Qh5 h6 23. Qg6 Kg8 24. Qh7+ Kf7 25. Bg6+ Kf8 26. Qh8# 1-0

[Event "25.Schlosspark-Open"]
[Site "Wiesbaden-Biebrich"]
[Date "2013.08.23"]
[Round "2.88"]
[White "Viol, Lucius"]
[Black "Brandt, Michael"]
[Result "0-1"]
[WhiteElo "957"]
[BlackElo "1758"]
[PlyCount "68"]
[EventDate "2013.??.??"]
[WhiteTeam "FC 1934 Wiesbaden-Bierstadt"]
[BlackTeam "Wiesbadener SV 1885"]

1. Nf3 f5 2. d4 Nf6 3. c4 e6 4. Nc3 c6 5. Bg5 Be7 6. e3 d6 7. Bd3 Qc7 8. c5 O-O
9. Bf4 Re8 10. Qb3 Kh8 11. Ng5 Bf8 12. cxd6 Qd7 13. Bc4 h6 14. Nf3 Bxd6 15.
Bxd6 Qxd6 16. Ne5 Qc7 17. Bb5 cxb5 18. Qxb5 a6 19. Qa4 Bd7 20. Qd1 Nc6 21. Nxd7
Qxd7 22. O-O Rad8 23. Re1 e5 24. dxe5 Nxe5 25. Qxd7 Rxd7 26. Rad1 Red8 27. Rxd7
Rxd7 28. Na4 Rd2 29. Rb1 Nd3 30. b4 Ne4 31. Nc5 Nexc5 32. bxc5 Rb2 33. Rd1 Nxc5
34. Rd8+ Kh7 0-1

[Event "25.Schlosspark-Open"]
[Site "Wiesbaden-Biebrich"]
[Date "2013.08.23"]
[Round "2.90"]
[White "Klein, Simon"]
[Black "Gnad, Gunnar"]
[Result "0-1"]
[WhiteElo "919"]
[BlackElo "1755"]
[PlyCount "72"]
[EventDate "2013.??.??"]
[WhiteTeam "Sfr. Frankfurt 1921"]
[BlackTeam "Gambit Bonneweg"]

1. d4 d5 2. Nf3 e6 3. Bf4 Nf6 4. Nbd2 Be7 5. c4 O-O 6. e3 Nh5 7. g3 Nxf4 8.
gxf4 b6 9. a3 a5 10. Qc2 Nd7 11. e4 Bb7 12. e5 dxc4 13. Bxc4 g6 14. O-O-O c5
15. Rhf1 cxd4 16. Nxd4 Rc8 17. Nxe6 fxe6 18. Bxe6+ Kg7 19. Nc4 Rc7 20. Rxd7
Rxd7 21. Bxd7 Qxd7 22. Nxb6 Qc6 23. Qxc6 Bxc6 24. Nc4 Bb5 25. b3 Bxa3+ 26. Nxa3
Bxf1 27. Kb2 Rxf4 28. Nc2 Rxf2 29. Kc3 Rxh2 30. Nd4 Rh3+ 31. Kb2 Re3 32. Nc6
Bg2 33. Nxa5 Rxe5 34. b4 h5 35. Kc3 Rxa5 36. bxa5 h4 0-1